Suriname Country Quiz - Statistics

General Stats
  • This quiz has been taken 19,667 times
    19,593 since last reset
  • The average score is 10 of 13
Answer Stats
Hint Answer % Correct
Countries which border Suriname Brazil
98%
Countries which border Suriname Guyana
98%
90% of Suriname's land is covered with this, the highest of any country Forest
93%
Suriname and Bhutan are the only countries in the world that absorb more of this than they emit Carbon Dioxide
92%
Countries which border Suriname France
92%
Official language Dutch
91%
Capital of Suriname Paramaribo
81%
Currency of Suriname Dollar
74%
In 1667, England ceded Suriname to the Netherlands. What did England receive in exchange? (hint: Today it's a major city) New York
69%
Main export of Suriname during its colonial history Sugar
63%
27% of Surinamese are descended from indentured laborers who originally came from this country India
61%
Term for the groups of people descended from runaway slaves (hint: a color starting with M) Maroons
51%
River on which the above is located Suriname
37%
No matching quizzes found
Score Distribution
Percent of People with Each Score
Percentile by Number Answered
Your Score History
You have not taken this quiz since the last reset